Deutsche Bundesländer - Kachelauswahl #1 - Statistiken

Allgemein
  • Dieses Quiz wurde 82 mal gespielt
  • Das Durchschnittsergebnis liegt bei 70 aus 112
Antwortstatistiken
Frage Kachel Select % Korrekt
an der Elbe liegen. Baden-Württemberg Nein
87%
an der Elbe liegen. Bayern Nein
87%
an Niedersachsen grenzen. (ohne Niedersachsen) Berlin Nein
86%
an der Elbe liegen. Hessen Nein
86%
an der Elbe liegen. Saarland Nein
86%
an Niedersachsen grenzen. (ohne Niedersachsen) Saarland Nein
86%
an Niedersachsen grenzen. (ohne Niedersachsen) Baden-Württemberg Nein
84%
an der Elbe liegen. Bremen Nein
84%
an der Elbe liegen. Rheinland-Pfalz Nein
84%
in Regierungsbezirke unterteilt sind. Saarland Nein
84%
an Niedersachsen grenzen. (ohne Niedersachsen) Bayern Nein
83%
nicht ihre bevölkerungsreichste Stadt als Hauptstadt haben. Berlin Nein
83%
nicht ihre bevölkerungsreichste Stadt als Hauptstadt haben. Bremen Nein
83%
nicht ihre bevölkerungsreichste Stadt als Hauptstadt haben. Hamburg Nein
83%
an der Elbe liegen. Nordrhein-Westfalen Nein
83%
an Niedersachsen grenzen. (ohne Niedersachsen) Rheinland-Pfalz Nein
83%
nicht ihre bevölkerungsreichste Stadt als Hauptstadt haben. Bayern Nein
81%
an der Elbe liegen. Berlin Nein
81%
in Regierungsbezirke unterteilt sind. Bremen Nein
81%
in Regierungsbezirke unterteilt sind. Hamburg Nein
81%
an der Elbe liegen. Hamburg Ja
81%
an Niedersachsen grenzen. (ohne Niedersachsen) Niedersachsen Nein
81%
an Niedersachsen grenzen. (ohne Niedersachsen) Sachsen Nein
81%
nicht ihre bevölkerungsreichste Stadt als Hauptstadt haben. Baden-Württemberg Nein
80%
nicht ihre bevölkerungsreichste Stadt als Hauptstadt haben. Brandenburg Nein
80%
nicht ihre bevölkerungsreichste Stadt als Hauptstadt haben. Niedersachsen Nein
80%
nicht ihre bevölkerungsreichste Stadt als Hauptstadt haben. Saarland Nein
80%
in Regierungsbezirke unterteilt sind. Berlin Nein
78%
an Niedersachsen grenzen. (ohne Niedersachsen) Nordrhein-Westfalen Ja
78%
in Regierungsbezirke unterteilt sind. Bayern Ja
77%
an Niedersachsen grenzen. (ohne Niedersachsen) Bremen Ja
75%
an der Elbe liegen. Sachsen Ja
75%
nicht ihre bevölkerungsreichste Stadt als Hauptstadt haben. Schleswig-Holstein Nein
75%
an der Elbe liegen. Thüringen Nein
75%
nicht ihre bevölkerungsreichste Stadt als Hauptstadt haben. Thüringen Nein
75%
im Oktober 2024 einen Regierungschef der SPD haben. Bayern Nein
74%
an Niedersachsen grenzen. (ohne Niedersachsen) Hamburg Ja
74%
in Regierungsbezirke unterteilt sind. Brandenburg Nein
72%
einen Ort haben, der der Arbeitsgemeinschaft "Neustadt in Europa" angehört. Bremen Nein
72%
an der Elbe liegen. Sachsen-Anhalt Ja
72%
im Oktober 2024 einen Regierungschef der SPD haben. Thüringen Nein
72%
nicht ihre bevölkerungsreichste Stadt als Hauptstadt haben. Hessen Ja
71%
an der Elbe liegen. Niedersachsen Ja
71%
in Regierungsbezirke unterteilt sind. Nordrhein-Westfalen Ja
71%
nicht ihre bevölkerungsreichste Stadt als Hauptstadt haben. Nordrhein-Westfalen Ja
71%
im Oktober 2024 einen Regierungschef der SPD haben. Sachsen Nein
71%
in Regierungsbezirke unterteilt sind. Sachsen-Anhalt Nein
71%
in Regierungsbezirke unterteilt sind. Schleswig-Holstein Nein
71%
nicht ihre bevölkerungsreichste Stadt als Hauptstadt haben. Mecklenburg-Vorpommern Ja
70%
im Oktober 2024 einen Regierungschef der SPD haben. Sachsen-Anhalt Nein
70%
in Regierungsbezirke unterteilt sind. Baden-Württemberg Ja
68%
im Oktober 2024 einen Regierungschef der SPD haben. Hessen Nein
68%
in Regierungsbezirke unterteilt sind. Mecklenburg-Vorpommern Nein
68%
einen Ort haben, der der Arbeitsgemeinschaft "Neustadt in Europa" angehört. Saarland Nein
68%
im Oktober 2024 einen Regierungschef der SPD haben. Baden-Württemberg Nein
67%
einen Ort haben, der der Arbeitsgemeinschaft "Neustadt in Europa" angehört. Hamburg Nein
67%
die Farbe Rot in ihrem Wappen haben. Hamburg Ja
67%
an Niedersachsen grenzen. (ohne Niedersachsen) Hessen Ja
67%
die Farbe Rot in ihrem Wappen haben. Niedersachsen Ja
67%
an Niedersachsen grenzen. (ohne Niedersachsen) Schleswig-Holstein Ja
67%
in Regierungsbezirke unterteilt sind. Thüringen Nein
67%
nicht ihre bevölkerungsreichste Stadt als Hauptstadt haben. Rheinland-Pfalz Nein
65%
an Niedersachsen grenzen. (ohne Niedersachsen) Sachsen-Anhalt Ja
65%
in Regierungsbezirke unterteilt sind. Sachsen Nein
64%
einen Ort haben, der der Arbeitsgemeinschaft "Neustadt in Europa" angehört. Sachsen-Anhalt Nein
64%
in Regierungsbezirke unterteilt sind. Niedersachsen Nein
62%
die Farbe Rot in ihrem Wappen haben. Nordrhein-Westfalen Ja
62%
die Farbe Rot in ihrem Wappen haben. Sachsen Nein
62%
die Farbe Rot in ihrem Wappen haben. Brandenburg Ja
59%
im Oktober 2024 einen Regierungschef der SPD haben. Nordrhein-Westfalen Nein
59%
in Regierungsbezirke unterteilt sind. Rheinland-Pfalz Nein
59%
im Oktober 2024 einen Regierungschef der SPD haben. Schleswig-Holstein Nein
59%
die Farbe Rot in ihrem Wappen haben. Bremen Ja
58%
einen Ort haben, der der Arbeitsgemeinschaft "Neustadt in Europa" angehört. Berlin Nein
57%
im Oktober 2024 einen Regierungschef der SPD haben. Bremen Ja
55%
in Regierungsbezirke unterteilt sind. Hessen Ja
55%
die Farbe Rot in ihrem Wappen haben. Rheinland-Pfalz Ja
55%
nicht ihre bevölkerungsreichste Stadt als Hauptstadt haben. Sachsen Ja
55%
einen Ort haben, der der Arbeitsgemeinschaft "Neustadt in Europa" angehört. Bayern Ja
54%
die Farbe Rot in ihrem Wappen haben. Berlin Ja
54%
an Niedersachsen grenzen. (ohne Niedersachsen) Mecklenburg-Vorpommern Ja
54%
im Oktober 2024 einen Regierungschef der SPD haben. Hamburg Ja
52%
im Oktober 2024 einen Regierungschef der SPD haben. Niedersachsen Ja
51%
im Oktober 2024 einen Regierungschef der SPD haben. Berlin Nein
49%
die Farbe Rot in ihrem Wappen haben. Hessen Ja
48%
die Farbe Rot in ihrem Wappen haben. Saarland Ja
48%
nicht ihre bevölkerungsreichste Stadt als Hauptstadt haben. Sachsen-Anhalt Ja
46%
im Oktober 2024 einen Regierungschef der SPD haben. Brandenburg Ja
45%
an Niedersachsen grenzen. (ohne Niedersachsen) Brandenburg Ja
45%
die Farbe Rot in ihrem Wappen haben. Mecklenburg-Vorpommern Ja
45%
einen Ort haben, der der Arbeitsgemeinschaft "Neustadt in Europa" angehört. Nordrhein-Westfalen Ja
43%
die Farbe Rot in ihrem Wappen haben. Thüringen Ja
43%
einen Ort haben, der der Arbeitsgemeinschaft "Neustadt in Europa" angehört. Niedersachsen Ja
42%
die Farbe Rot in ihrem Wappen haben. Schleswig-Holstein Ja
41%
an der Elbe liegen. Mecklenburg-Vorpommern Ja
39%
im Oktober 2024 einen Regierungschef der SPD haben. Mecklenburg-Vorpommern Ja
39%
einen Ort haben, der der Arbeitsgemeinschaft "Neustadt in Europa" angehört. Rheinland-Pfalz Ja
39%
im Oktober 2024 einen Regierungschef der SPD haben. Rheinland-Pfalz Ja
39%
einen Ort haben, der der Arbeitsgemeinschaft "Neustadt in Europa" angehört. Schleswig-Holstein Ja
39%
an der Elbe liegen. Schleswig-Holstein Ja
39%
einen Ort haben, der der Arbeitsgemeinschaft "Neustadt in Europa" angehört. Baden-Württemberg Ja
38%
an der Elbe liegen. Brandenburg Ja
38%
im Oktober 2024 einen Regierungschef der SPD haben. Saarland Ja
38%
an Niedersachsen grenzen. (ohne Niedersachsen) Thüringen Ja
35%
die Farbe Rot in ihrem Wappen haben. Sachsen-Anhalt Ja
32%
einen Ort haben, der der Arbeitsgemeinschaft "Neustadt in Europa" angehört. Hessen Ja
30%
einen Ort haben, der der Arbeitsgemeinschaft "Neustadt in Europa" angehört. Sachsen Ja
25%
einen Ort haben, der der Arbeitsgemeinschaft "Neustadt in Europa" angehört. Mecklenburg-Vorpommern Ja
23%
einen Ort haben, der der Arbeitsgemeinschaft "Neustadt in Europa" angehört. Thüringen Ja
22%
einen Ort haben, der der Arbeitsgemeinschaft "Neustadt in Europa" angehört. Brandenburg Ja
20%
die Farbe Rot in ihrem Wappen haben. Baden-Württemberg Ja
10%
die Farbe Rot in ihrem Wappen haben. Bayern Ja
4%
Keine übereinstimmenden Quizze gefunden
Verteilung der Resultate
Anzahl Personen mit jedem Resultat
Perzentil nach korrekt beantworteten Fragen
Ihre Resultats-Entwicklung
Sie haben dieses Quiz noch nicht gespielt